Statistics for Shikoku Placenames in English

Click here to take the quiz!

General Stats

  • This quiz has been taken 51 times
  • The average score is 9 of 15

Answer Stats

HintAnswer% Correct
松山Matsuyama
97%
高松Takamatsu
97%
徳島Tokushima
81%
高知Kochi
69%
鳴門Naruto
58%
西条Saijo
53%
宇和島Uwajima
53%
伊予Iyo
50%
観音寺Kanonji
50%
南国Nankoku
50%
新居浜Niihama
47%
今治Imabari
44%
八幡浜Yawatahama
42%
砥部Tobe
36%
松前Masaki
31%

Score Distribution

Percentile by Number Answered

Percent of People with Each Score

Your Score History

You have not taken this quiz